মুসলিম সভ্যতা/ (Record no. 17963)

MARC details
000 -LEADER
fixed length control field 00848nam a22002057a 4500
003 - CONTROL NUMBER IDENTIFIER
control field BDDh-ASL
005 - DATE AND TIME OF LATEST TRANSACTION
control field 20231015025649.0
008 - FIXED-LENGTH DATA ELEMENTS--GENERAL INFORMATION
fixed length control field 200915b1985 ||||| |||| 00| 0 d
040 ## - CATALOGING SOURCE
Original cataloging agency BDDh-ASL
Transcribing agency BDDh-ASL
Modifying agency BDDh-ASL
041 ## - LANGUAGE CODE
Language code of text/sound track or separate title bengali
082 ## - DEWEY DECIMAL CLASSIFICATION NUMBER
Classification number 297.09
Item number KAM
100 ## - MAIN ENTRY--PERSONAL NAME
9 (RLIN) 779
Personal name কবীর, মফিজুল্লাহ্
245 1# - TITLE STATEMENT
Title মুসলিম সভ্যতা/
Statement of responsibility, etc. মফিজুল্লাহ্ কবীর।
246 ## - VARYING FORM OF TITLE
Title proper/short title Bhasha-Shaheed Granthamala: Muslim Savyata
260 ## - PUBLICATION, DISTRIBUTION, ETC.
Place of publication, distribution, etc. ঢাকা:
Name of publisher, distributor, etc. বাংলা একাডেমী,
Date of publication, distribution, etc. ১৯৮৫।
300 ## - PHYSICAL DESCRIPTION
Extent ১০৮ পৃষ্ঠা:
Dimensions ১৯ সে. মি.।
504 ## - BIBLIOGRAPHY, ETC. NOTE
Bibliography, etc. note গ্রন্থপঞ্জি সংযুক্ত।
650 #0 - SUBJECT ADDED ENTRY--TOPICAL TERM
9 (RLIN) 780
Topical term or geographic name entry element মুসলিম সভ্যতা
General subdivision ইসলাম ধর্ম
942 ## - ADDED ENTRY ELEMENTS (KOHA)
Source of classification or shelving scheme Dewey Decimal Classification
Koha item type Books
Holdings
Withdrawn status Lost status Source of classification or shelving scheme Damaged status Not for loan Collection code Home library Current library Shelving location Date acquired Source of acquisition Total Checkouts Full call number Barcode Date last seen Copy number Price effective from Koha item type
    Dewey Decimal Classification     Non-fiction Asiatic Society Library Asiatic Society Library General Stacks 09/15/2020 Donated by Prof. (Dr.) M. Abdul Qayyum & Dr. Razia Sultana   297.09 KAM 101104 09/15/2020 C-1 09/15/2020 Books

Powered by Koha